Géographie de l'Europe par lettre - K - Statistiques

Statistiques générales
  • Ce quiz a été pris 227 fois
  • Le résultat moyen est 8 sur 20
Statistiques - réponses
Indice Réponse % Correct
Capitale ukrainienne Kiev
95%
Pays des balkans ayant déclaré son indépendance en 2008 Kosovo
94%
Pays d'Asie centrale, un morceau de son territoire est en Europe Kazakhstan
88%
Forteresse du centre de Moscou, désigne par métonymie le gouvernement russe Kremlin
81%
Nom allemand de Cologne Köln
74%
Enclave russe au bord de la Baltique Kaliningrad
71%
Péninsule de l'Arctique, homophone d'un soda Péninsule de {Kola}
52%
Comté du sud de l'Angleterre Kent
51%
Ville polonaise au cœur d'une agglomération de trois millions d'habitants Katowice
25%
Île croate de l'Adriatique Krk
25%
Produit AOP grec Olives de {Kalamáta}
19%
Quimper en breton Kemper
18%
Nom allemand de la capitale de cette enclave Königsberg
18%
"Centime" du rouble Kopeck
17%
Oblast russe et importante bataille de chars en 1943 Koursk
17%
Ville suédoise et union médiévale Kalmar
13%
Capitale du Tatarstan Kazan
12%
Site archéologique crétois Knossos
11%
Point culminant de l'Albanie et de la Macédoine du Nord Mont {Korab}
3%
Fleuve du nord de la Finlande Kemijoki
2%
Aucun quiz correspondant
Distribution des résultats
% des personnes avec chaque résultat
Percentile par nombre de réponses
Votre historique - résultats
Vous n’avez pas pris ce quiz